[Event "1998 Canadian Junior"]
[Site "Vancouver, BC, Canada"]
[Date "1998.12.27"]
[Round "1"]
[White "Pechisker, Alfred"]
[Black "Reddy, Tyler"]
[Result "1-0"]
[WhiteElo "2244"]
[BlackElo "2094"]

1. d4 d5 2. c4 dxc4 3. Nf3 a6 4. a4 Nc6 5. e4 Bg4 6. Be3 e6 7. Bxc4 Nf6 8.
Nc3 Bb4 9. Qd3 Na5 10. Ne5 Bh5 11. Ba2 O-O 12. O-O Bd6 13. f4 Nd7 14. h3 
Bxe5 15. dxe5 h6 16. g4 Bg6 17. Rad1 Nb6 18. f5 exf5 19. Qxd8 Raxd8 20. 
Rxd8 Rxd8 21. exf5 Bh7 22. e6 Nbc4 23. Bf4 Nd6 24. Nd5 fxe6 25. fxe6 Kh8 
26. e7 Rc8 27. Bxd6 cxd6 28. Rf8+ 1-0

[Event "1998 Canadian Junior"]
[Site "Vancouver, BC, Canada"]
[Date "1998.12.27"]
[Round "1"]
[White "Wong, Samuel"]
[Black "Afrah, Navid"]
[Result "0-1"]
[WhiteElo "1975"]
[BlackElo "2109"]

1. d4 Nf6 2. c4 g6 3. Nc3 Bg7 4. e4 d6 5. f3 O-O 6. Be3 e5 7. d5 Nh5 8. Qd2
f5 9. Bd3 Nd7 10. O-O-O Nc5 11. Bb1 Bd7 12. Nge2 Nf6 13. b4 Na4 14. Bc2 Nb6
15. Bb3 fxe4 16. Nxe4 Nxe4 17. fxe4 a5 18. a3 axb4 19. axb4 Ba4 20. Kb2 
Bxb3 21. Kxb3 Ra3+ 22. Kxa3 Nxc4+ 23. Kb3 Nxd2+ 24. Rxd2 Qh4 25. Ng3 Bh6 
26. Bxh6 Qxh6 27. Re2 c6 28. dxc6 bxc6 29. Rc2 Qe3+ 30. Rc3 Qb6 31. Rhc1 
Rb8 32. Rc4 Qb7 33. Ne2 d5 34. exd5 cxd5 35. Rg4 e4 36. Rf1 Qxb4+ 37. Kc2 
Rc8+ 38. Kd1 Qb1+ 0-1

[Event "1998 Canadian Junior"]
[Site "Vancouver, BC, Canada"]
[Date "1998.12.27"]
[Round "1"]
[White "Olson, Hans"]
[Black "Henson, Joshua"]
[Result "0-1"]
[WhiteElo "1928"]
[BlackElo "2071"]

1. e4 e6 2. d4 d5 3. exd5 exd5 4. Bd3 Nc6 5. Nf3 Bd6 6. O-O Nge7 7. Re1 Bg4
8. c3 Qd7 9. Nbd2 O-O-O 10. b4 Rde8 11. Qa4 Kb8 12. b5 Nd8 13. Ne5 Bxe5 14.
dxe5 Bf5 15. Bxf5 Nxf5 16. Nb3 a6 17. Qg4 axb5 18. Nd4 g6 19. Bf4 h5 20. 
Qe2 Nxd4 21. cxd4 Ne6 22. Be3 c6 23. Qc2 Qc7 24. a4 bxa4 25. Qxa4 Kc8 26. 
Reb1 Kd7 27. Qb4 b5 28. Bc1 Ra8 29. Ba3 Rhe8 30. Rb3 Ra4 31. Qd2 Rxd4 32. 
Qe2 Nf4 33. Qf3 Qxe5 34. g3 Qe1+ 0-1

[Event "1998 Canadian Junior"]
[Site "Vancouver, BC, Canada"]
[Date "1998.12.27"]
[Round "1"]
[White "Voloaca, Mihnea"]
[Black "Dutton, Warren"]
[Result "1-0"]
[WhiteElo "2137"]
[BlackElo "2062"]

1. c4 c5 2. Nf3 Nf6 3. Nc3 Nc6 4. g3 g6 5. Bg2 Bg7 6. O-O O-O 7. d4 cxd4 8.
Nxd4 Ne5 9. b3 d6 10. Bb2 Rb8 11. e4 Bd7 12. h3 Qb6 13. Rb1 a6 14. Nde2 
Rfd8 15. Kh1 Bc6 16. f4 Ned7 17. Nd5 Bxd5 18. exd5 Nh5 19. g4 Bxb2 20. Rxb2
Ng7 21. Nd4 Rbc8 22. Re2 Re8 23. Rf3 Nf6 24. Rfe3 Rc7 25. Bf3 h6 26. h4 g5
27. fxg5 hxg5 28. h5 e5 29. dxe6 Nxe6 30. Nxe6 Rce7 31. Qe1 fxe6 32. Rxe6 
Rxe6 33. Rxe6 Rf8 34. Qd2 Qc5 35. Bd5 Nxd5 36. Qxg5+ 1-0

[Event "1998 Canadian Junior"]
[Site "Vancouver, BC, Canada"]
[Date "1998.12.27"]
[Round "1"]
[White "Carlisle, Michael"]
[Black "Kahn, Zamir"]
[Result "1/2-1/2"]
[WhiteElo "2074"]
[BlackElo "2182"]

1. e4 e6 2. d4 d5 3. exd5 exd5 4. c4 Nf6 5. Nc3 Be7 6. Bd3 O-O 7. Nge2 dxc4
8. Bxc4 c6 9. O-O Nbd7 10. Re1 Nb6 11. Bb3 Bd6 12. Ng3 Qc7 13. Qd3 h6 14. 
Bxh6 Nbd5 15. Nxd5 Nxd5 16. Bc2 f5 17. Bd2 Bf4 18. Bb3 Bxd2 19. Qxd2 f4 20.
Rac1 Qf7 21. Ne4 f3 22. Ng5 Qg6 23. Bc2 Bf5 24. Nxf3 Bxc2 25. Qxc2 Qxc2 26.
Rxc2 Nb4 27. Rc4 Nd5 28. a3 Rad8 29. b4 a6 30. Rc2 Nf4 31. g3 Nd3 32. Re3 
Rxf3 33. Rxf3 Ne1 34. Rcc3 Nxf3+ 35. Rxf3 Rxd4 36. h4 g6 37. Kg2 Kg7 38. 
Re3 Kf7 39. f4 Rd2+ 40. Kf3 Rd4 41. g4 Rd1 42. g5 Rf1+ 43. Kg4 Rg1+ 44. Rg3
Rh1 45. f5 gxf5+ 46. Kxf5 Rxh4 47. g6+ Kg7 48. Ke5 a5 49. bxa5 Rh5+ 50. Kd6
Rxa5 51. Rb3 Kxg6 52. Kc7 Kf7 53. Kxb7 Rb5+ 1/2-1/2

[Event "1998 Canadian Junior"]
[Site "Vancouver, BC, Canada"]
[Date "1998.12.28"]
[Round "2"]
[White "Olson, Hans"]
[Black "Wong, Samuel"]
[Result "1-0"]
[WhiteElo "1928"]
[BlackElo "1975"]

1. e4 c5 2. Nc3 Nc6 3. f4 e6 4. Nf3 d6 5. Bb5 Bd7 6. O-O a6 7. Bxc6 Bxc6 8.
d3 Nf6 9. Qe1 b5 10. b3 Be7 11. Nd1 Qc7 12. Nf2 h5 13. Bb2 d5 14. Ne5 d4 
15. Nh3 Ng4 16. Nxc6 Qxc6 17. Bc1 Rd8 18. Ng5 Bxg5 19. fxg5 Qd6 20. Bf4 e5
21. Bd2 c4 22. h3 Ne3 23. Bxe3 dxe3 24. Qxe3 cxd3 25. cxd3 Qxd3 26. Qxd3 
Rxd3 27. Rf5 O-O 28. Rxe5 Rfd8 29. Rf5 Re3 30. Raf1 Rd7 31. Rd5 Rxd5 32. 
exd5 Re5 33. Rd1 Kf8 34. Kf2 Ke7 35. d6+ Kd7 36. h4 Re6 37. Rd4 Rxd6 38. 
Ke3 Rxd4 39. Kxd4 Kd6 40. b4 f6 41. gxf6 gxf6 42. Ke4 Ke6 43. g3 Ke7 44. 
Kf5 Kf7 45. a3 Kg7 46. g4 hxg4 47. Kxg4 Kg6 48. h5+ Kh6 49. Kf5 Kg7 50. h6+
Kf7 51. h7 Kg7 52. h8=Q+ 1-0

[Event "1998 Canadian Junior"]
[Site "Vancouver, BC, Canada"]
[Date "1998.12.28"]
[Round "2"]
[White "Hua, Lefong"]
[Black "Pechisker, Alfred"]
[Result "1-0"]
[WhiteElo "2358"]
[BlackElo "2244"]

1. c4 c5 2. Nc3 g6 3. g3 Bg7 4. Bg2 Nc6 5. Nf3 Nf6 6. d4 cxd4 7. Nxd4 O-O 
8. O-O Ne5 9. b3 d6 10. Qc2 Qc7 11. Bg5 Ned7 12. Qd2 Re8 13. Rac1 a6 14. 
Nd5 Nxd5 15. cxd5 Qb8 16. h3 e5 17. dxe6 fxe6 18. Rfd1 Nf6 19. e4 Rd8 20. 
Ne2 e5 21. Rc3 Be6 22. Rd3 Kf7 23. Rf3 Rd7 24. g4 Ke7 25. Nc3 Qh8 26. Rd3 
Rad8 27. Na4 h6 28. Bxf6+ Bxf6 29. Nb6 Bg5 30. Qb4 Rc7 31. Rxd6 Kf7 32. 
Rxd8 Bxd8 33. Nd5 Be7 34. Qd2 Rd7 35. Qc3 h5 36. Qf3+ Kg7 37. Qg3 Kf7 38. 
g5 h4 39. Qf3+ Ke8 40. Qc3 Qh5 41. Rd3 Qxg5 42. Nc7+ Rxc7 43. Qxc7 Qf4 44.
Qc8+ 1-0

[Event "1998 Canadian Junior"]
[Site "Vancouver, BC, Canada"]
[Date "1998.12.28"]
[Round "2"]
[White "Afrah, Navid"]
[Black "Carlisle, Michael"]
[Result "0-1"]
[WhiteElo "2109"]
[BlackElo "2074"]

1. e4 c5 2. Nf3 e6 3. Nc3 Nc6 4. d4 cxd4 5. Nxd4 a6 6. Be2 Nf6 7. O-O Qc7 
8. Be3 Bb4 9. Na4 Rb8 10. Nxc6 Qxc6 11. Bf4 Ra8 12. c3 Be7 13. e5 Nd5 14. 
Bf3 b5 15. c4 bxc4 16. Rc1 Bb7 17. b3 c3 18. Nxc3 Qxc3 19. Rxc3 Nxc3 20. 
Qd3 Bxf3 21. Qxc3 Bc6 22. Qg3 Kf8 23. Bd2 h6 24. f4 g6 25. Be3 a5 26. Qf2 
a4 27. Qd2 axb3 28. axb3 Kg7 29. g4 Be4 30. Qd4 Bd5 31. f5 Bh4 32. f6+ Kh7
33. Qd2 Bg5 34. Bxg5 hxg5 35. Rc1 Kg8 36. Qxg5 Rh3 37. Qd2 Kh7 38. Re1 Rxb3
39. Qf2 Rh3 40. Re2 Ra4 41. Qc5 Ra1+ 42. Kf2 Rf3+ 43. Kg2 Rc3+ 0-1

[Event "1998 Canadian Junior"]
[Site "Vancouver, British Columbia"]
[Date "1998.12.27"]
[Round "2"]
[White "Henson, Joshua"]
[Black "Dutton, Warren"]
[Result "1/2-1/2"]
[WhiteElo "2071"]
[BlackElo "2062"]

1. e4 c5 2. Nf3 Nc6 3. Bb5 Nf6 4. e5 Nd5 5. O-O g6 6. Re1 Bg7 7. Nc3 Nc7 8.
Bxc6 dxc6 9. Ne4 b6 10. Nf6+ Kf8 11. Ne4 h6 12. b3 Kg8 13. Bb2 Kh7 14. d3 
1/2-1/2

[Event "1998 Canadian Junior"]
[Site "Vancouver, British Columbia"]
[Date "1998.12.28"]
[Round "3"]
[White "Carlisle, Michael"]
[Black "Olson, Hans"]
[Result "1/2-1/2"]
[WhiteElo "2074"]
[BlackElo "1928"]

1. e4 e5 2. Nf3 Nc6 3. Bb5 a6 4. Ba4 Nf6 5. O-O Be7 6. Re1 b5 7. Bb3 d6 8.
c3 O-O 9. h3 Bb7 10. d4 Re8 11. Ng5 Rf8 12. f4 h6 13. Nf3 Nd7 14. a4 Re8 
15. axb5 axb5 16. Rxa8 Bxa8 17. dxe5 dxe5 18. Qd5 Bc5+ 19. Kh1 Qe7 20. Qd3
b4 21. Rf1 Bd6 22. fxe5 Ndxe5 23. Nxe5 Nxe5 24. Qg3 Kh8 25. Qe3 f6 26. Nd2
bxc3 27. bxc3 Ng6 28. Bc2 Qe5 29. Nf3 Qg3 30. Qe1 Nh4 31. Qxg3 Bxg3 32. 
Nxh4 Bxh4 33. Bf4 c5 34. Bd6 c4 35. e5 Bg3 36. Bg6 Rd8 37. Bf7 Bxe5 38. 
Bxe5 fxe5 39. Bxc4 Bd5 40. Bb5 Rc8 41. Rc1 Kg8 42. Rd1 Bc4 43. Bd7 Rc7 44.
Bf5 Kf7 45. Kg1 Be6 46. Bxe6+ Kxe6 1/2-1/2

[Event "1998 Canadian Junior"]
[Site "Vancouver, British Columbia"]
[Date "1998.12.28"]
[Round "3"]
[White "Pechisker, Alfred"]
[Black "Khan, Zamir"]
[Result "1-0"]
[WhiteElo "2244"]
[BlackElo "2182"]

1. d4 Nf6 2. c4 e6 3. Nc3 Bb4 4. Nf3 O-O 5. Bg5 d5 6. e3 h6 7. Bxf6 Qxf6 8.
Qb3 Bxc3+ 9. Qxc3 c6 10. Bd3 Nd7 11. cxd5 exd5 12. O-O Qe7 13. b4 Nf6 14. 
b5 Bd7 15. bxc6 Bxc6 16. Rfc1 Rfc8 17. Ne5 Bd7 18. Qb3 Be6 19. h3 Ne4 20. 
Qb2 a6 21. a4 Nd6 22. Rab1 f6 23. Ng6 Qd7 24. Qb4 Bf7 25. Rc5 b5 26. axb5 
axb5 27. Nf4 Rxc5 28. dxc5 Nc4 29. Qxb5 Qxb5 30. Rxb5 g5 31. Ne2 Ne5 32. 
Bf5 Ra1+ 33. Rb1 Ra5 34. Rc1 Nc4 35. c6 Ra7 36. Nd4 Rc7 37. Bd7 Ne5 38. Nb5
Rxd7 39. cxd7 Nxd7 40. Rc7 Nf8 41. Nd6 Bg6 42. Rc5 Bf7 43. Nxf7 Kxf7 44. 
Rxd5 Ne6 45. Kf1 Kg6 46. Ke2 h5 47. g4 h4 48. Kd3 Nc7 49. Ra5 Ne8 50. f4 
gxf4 51. exf4 Ng7 52. Ke4 Kh6 53. Ra6 Kg6 54. g5 Nh5 55. gxf6 Ng3+ 56. Ke5
1-0

[Event "1998 Canadian Junior"]
[Site "Vancouver, British Columbia"]
[Date "1998.12.28"]
[Round "3"]
[White "Voloaca, Mihnea"]
[Black "Hua, Lefong"]
[Result "0-1"]
[WhiteElo "2137"]
[BlackElo "2358"]

1. Nf3 c5 2. c4 Nc6 3. Nc3 Nf6 4. d4 cxd4 5. Nxd4 g6 6. e4 d6 7. Be2 Bg7 8.
Be3 O-O 9. O-O a6 10. Rc1 Bd7 11. f4 Rc8 12. Kh1 Na5 13. b3 e5 14. Nf3 Ng4
15. Bg1 exf4 16. Qxd6 Nc6 17. Nd5 Be6 18. Qxd8 Rfxd8 19. Nxf4 Nf6 20. Nxe6
fxe6 21. e5 Ne4 22. Be3 Nb4 23. Bb6 Rd7 24. a3 Nc6 25. Rce1 Nc3 26. Ng5 
Nxe2 27. Rxe2 Bxe5 28. Nxe6 Rd6 29. Ng5 Rd3 30. Nf3 Rxb3 31. Nxe5 Rxb6 32.
Nxc6 Rbxc6 33. Re7 R6c7 34. Rxc7 Rxc7 35. Rc1 b5 36. Kg1 bxc4 37. Kf2 Kf7 
38. Ke3 Ke6 39. Kd4 Rd7+ 40. Kc5 Rd2 41. Rxc4 Rxg2 42. Rh4 h5 43. Kb6 Kf5 
44. Kxa6 Kg5 45. Rh3 Kg4 46. Rb3 Rxh2 47. a4 Ra2 48. Kb5 h4 49. a5 h3 50. 
a6 h2 51. Rb1 Kh3 0-1

[Event "1998 Canadian Junior"]
[Site "Vancouver, British Columbia"]
[Date "1998.12.28"]
[Round "3"]
[White "Dutton, Warren"]
[Black "Reddy, Tyler"]
[Result "0-1"]
[WhiteElo "2062"]
[BlackElo "2094"]

1. e4 e6 2. d4 d5 3. Nd2 Nf6 4. e5 Nfd7 5. f4 c5 6. c3 Nc6 7. Ndf3 cxd4 8.
cxd4 Nb6 9. g3 h5 10. h4 Bd7 11. Bd3 a5 12. Ne2 Nb4 13. Bb1 Rc8 14. a3 Nc6
15. O-O a4 16. Qd3 Na5 17. Ra2 g6 18. Bd2 Nac4 19. Be1 Bb5 20. Nc3 Ba6 21.
Ng5 Nxa3 22. Qd1 Nxb1 23. Qxb1 Bxf1 24. Kxf1 Qc7 25. Kg2 Rg8 26. Qd1 Bb4 
27. Nh7 Ke7 28. Nf6 Rgd8 29. Ra1 Kf8 30. Kh3 Qc4 31. Kg2 a3 32. b3 Qa6 33.
Qf3 Qa5 34. f5 exf5 35. Bd2 Bxc3 36. Bh6+ Ke7 37. Ra2 Bb2 38. Bg5 Rc2+ 39.
Kh3 Ke6 40. Qd3 Rc3 41. Qd1 Qb4 42. Nxh5 Rdc8 43. Nf4+ Kd7 44. Qe2 R8c6 45.
e6+ fxe6 46. Nxg6 Qxb3 47. Ne5+ Kc8 48. Bf4 Bc1 49. Nxc6 Bxf4 50. Qxe6+ Kc7
0-1

[Event "1998 Canadian Junior"]
[Site "Vancouver, British Columbia"]
[Date "1998.12.28"]
[Round "3"]
[White "Wong, Samuel"]
[Black "Henson, Joshua"]
[Result "0-1"]
[WhiteElo "1928"]
[BlackElo "2071"]

1. d4 e6 2. c4 Nf6 3. Nc3 Bb4 4. Qc2 d5 5. cxd5 exd5 6. Bg5 O-O 7. e3 b6 8.
Bd3 h6 9. Bh4 Bb7 10. Nf3 Be7 11. O-O Na6 12. a3 c5 13. Rfd1 Nc7 14. Ne5 
Ne6 15. Bf5 Nc7 16. dxc5 bxc5 17. Bxf6 gxf6 18. Nd7 Re8 19. Qe2 Bf8 20. 
Qg4+ Kh8 21. Qh5 Kg7 22. b4 Re5 23. Nxe5 fxe5 24. Ne4 c4 25. Ng3 Qg5 26. 
Qxg5+ hxg5 27. Nh5+ Kh8 28. Nf6 Bg7 29. Nh5 Bf8 30. Kf1 a5 31. bxa5 Rxa5 
32. Rab1 Rb5 33. Bd7 Rxb1 34. Rxb1 Ba6 35. Rb8 Kg8 36. Nf6+ Kg7 37. Nh5+ 
Kg8 38. a4 c3+ 39. Ke1 d4 40. exd4 exd4 41. Bb5 f5 42. Bxa6 Nxa6 43. Ra8 
Nb4 44. Nf6+ Kf7 45. Nd7 Bd6 46. g3 Nd3+ 47. Kd1 Nxf2+ 48. Ke2 d3+ 49. Kxf2
c2 50. Rc8 d2 0-1

[Event "1998 Canadian Junior"]
[Site "Vancouver, British Columbia"]
[Date "1998.12.29"]
[Round "4"]
[White "Wong, Samuel"]
[Black "Carlisle, Michael"]
[Result "0-1"]
[WhiteElo "1975"]
[BlackElo "2074"]

1. d4 d5 2. c4 c6 3. Nf3 Nf6 4. Nc3 e6 5. e3 Nbd7 6. Bd3 dxc4 7. Bxc4 b5 8.
Bb3 Bb7 9. O-O Be7 10. Re1 a6 11. Bc2 c5 12. e4 cxd4 13. Nxd4 Ne5 14. Nf3 
Qxd1 15. Bxd1 Nd3 16. Re3 Rd8 17. Bc2 Nxc1 18. Rxc1 Bc5 19. Rd3 Ke7 20. h3
Bb4 21. e5 Bxc3 22. Rxc3 Nd5 23. Rc5 Rd7 24. Be4 Nf4 25. Re1 Bxe4 26. Rxe4
Nd3 27. Rc2 Rhd8 28. Ne1 Rd4 29. Rxd4 Rxd4 30. Nxd3 Rxd3 31. Rc7+ Rd7 32. 
Rc6 Rd1+ 33. Kh2 Rd2 34. Kg3 a5 35. Ra6 a4 36. Ra7+ Ke8 37. Ra8+ Kd7 38. 
Ra7+ Kc6 39. Rxf7 Rxb2 40. Rxg7 Rxa2 41. f4 b4 42. f5 exf5 43. e6 b3 44. 
Ra7 Kb5 45. Kf3 Rc2 46. e7 Rc8 47. Rb7+ Kc6 48. Rb4 Kd7 49. Rxa4 Rb8 50. 
Ra1 Kxe7 51. Rb1 b2 52. g4 Kf6 53. gxf5 Kxf5 54. Kf2 Kg5 55. Kg2 Kh4 56. 
Kh2 Rb3 57. Kg2 h6 58. Kh2 Rxh3+ 59. Kg2 Rb3 60. Kh2 Kg4 61. Kg2 Kf4 62. 
Kf2 h5 63. Ke2 h4 64. Rf1+ Ke4 65. Rb1 h3 66. Kd2 h2 67. Kc2 Rb8 68. Re1+ 
Kf3 69. Rb1 Kg2 70. Rxb2 Rxb2+ 71. Kxb2 h1=Q 0-1

[Event "1998 Canadian Junior"]
[Site "Vancouver, British Columbia"]
[Date "1998.12.29"]
[Round "4"]
[White "Khan, Zamir"]
[Black "Voloaca, Mihnea"]
[Result "0-1"]
[WhiteElo "2182"]
[BlackElo "2137"]

1. d4 d5 2. c4 c6 3. Nf3 Nf6 4. Nc3 dxc4 5. a4 Bf5 6. e3 e6 7. Bxc4 Bb4 8.
O-O O-O 9. Qe2 Bg6 10. Rd1 Nbd7 11. h3 Qa5 12. Bd2 e5 13. Na2 Bxd2 14. Qxd2
Qxd2 15. Rxd2 Ne4 16. Rdd1 exd4 17. Rxd4 Nb6 18. Bd3 Nc5 19. Bxg6 hxg6 20.
Nc1 a5 21. b3 Rfd8 22. Rb1 Ne6 23. Rxd8+ Rxd8 24. Ne2 Nd5 25. Nfd4 Nxd4 26.
Nxd4 Kf8 27. Rc1 Nb4 28. Kf1 Ke7 29. Rc5 Rd5 30. Rxd5 Nxd5 31. Ke2 Kd6 32.
Kd3 Kc5 33. Nf3 f6 34. Nd4 b5 35. axb5 cxb5 36. Ne6+ Kd6 37. Nd4 Nc7 38. 
Kc3 Kc5 39. g3 Kd5 40. Kd3 Kc5 41. h4 Kb4 42. Kc2 Ka3 43. g4 a4 44. bxa4 
Kxa4 45. h5 gxh5 46. gxh5 Kb4 47. Nf5 Ka3 48. Nxg7 b4 49. Kb1 b3 50. Nf5 
Nd5 0-1

[Event "1998 Canadian Junior"]
[Site "Vancouver, British Columbia"]
[Date "1998.12.29"]
[Round "4"]
[White "Henson, Joshua"]
[Black "Reddy, Tyler"]
[Result "0-1"]
[WhiteElo "2071"]
[BlackElo "2094"]

1. e4 e6 2. d4 d5 3. Nd2 Nf6 4. e5 Nfd7 5. f4 c5 6. c3 Nc6 7. Ndf3 cxd4 8.
cxd4 Nb6 9. g4 Bd7 10. Ne2 h5 11. gxh5 a5 12. Ng3 Rc8 13. Be2 Bb4+ 14. Kf1
Na7 15. Kg2 Ba4 16. b3 Bb5 17. f5 Bxe2 18. Qxe2 Qd7 19. fxe6 Qxe6 20. Rf1 
Qg4 21. h3 Qd7 22. Ng5 Nb5 23. e6 fxe6 24. Nxe6 Nc3 25. Nxg7+ Kd8 26. Ne6+
Ke7 27. Bg5+ Kd6 28. Nf5+ Kc6 29. Rac1 Rhe8 30. Rfe1 Nc4 31. Rxc3 Bxc3 32.
bxc4 Bxe1 33. Nfg7 Qxg7 34. cxd5+ Kxd5 35. Qb5+ Kxe6 36. d5+ Kf5 37. Qd3+ 
Kxg5 0-1

[Event "1998 Canadian Junior"]
[Site "Vancouver, British Columbia"]
[Date "1998.12.29"]
[Round "4"]
[White "Hua, Lefong"]
[Black "Dutton, Warren"]
[Result "1-0"]
[WhiteElo "2358"]
[BlackElo "2062"]

1. d4 Nf6 2. c4 g6 3. Nc3 Bg7 4. e4 d6 5. f4 c5 6. d5 O-O 7. Nf3 e6 8. Be2
exd5 9. cxd5 Re8 10. Nd2 a6 11. a4 Nbd7 12. O-O b6 13. Bf3 Bb7 14. Nc4 Qc7
15. Re1 Rab8 16. e5 dxe5 17. fxe5 Nxe5 18. Rxe5 Rxe5 19. d6 Qd7 20. Nxe5 
Qf5 21. Bxb7 Qxe5 22. Bf3 Rd8 23. Qe2 Qxd6 24. Bg5 h6 25. Rd1 Qc7 26. Rxd8+
Qxd8 27. Be3 Qe7 28. Kf2 a5 29. Qb5 Qd6 30. h3 Nd7 31. Qc6 Qxc6 32. Bxc6 
Ne5 33. Bb5 1-0

[Event "1998 Canadian Junior"]
[Site "Vancouver, British Columbia"]
[Date "1998.12.29"]
[Round "4"]
[White "Olson, Hans"]
[Black "Charbonneau, Pascal"]
[Result "0-1"]
[WhiteElo "1928"]
[BlackElo "2354"]

1. e4 c5 2. Nc3 Nc6 3. f4 g6 4. Nf3 Bg7 5. Bb5 Nd4 6. a4 a6 7. Bc4 d6 8. 
O-O e6 9. d3 Ne7 10. Nxd4 cxd4 11. Ne2 d5 12. Bb3 O-O 13. Ng3 dxe4 14. dxe4
Bd7 15. Bc4 Rc8 16. Bd3 f5 17. e5 Bc6 18. Be2 Qb6 19. Kh1 Nd5 20. Bf3 Rfd8
21. Bxd5 Bxd5 22. b3 Qc5 23. Ra2 Qc6 24. Qd2 h5 25. h4 Bf8 26. Re1 Be7 27.
Kh2 Bxh4 28. Ba3 Qc3 29. Qf2 d3 30. Re3 Qd4 31. Qd2 Qxf4 0-1

[Event "1998 Canadian Junior"]
[Site "Vancouver, British Columbia"]
[Date "1998.12.29"]
[Round "4"]
[White "Afrah, Navid"]
[Black "Pechisker, Alfred"]
[Result "1-0"]
[WhiteElo "2109"]
[BlackElo "2244"]

1. e4 c5 2. Nf3 Nc6 3. Nc3 d6 4. d4 cxd4 5. Nxd4 e6 6. Be2 Be7 7. O-O Nf6 
8. Be3 O-O 9. Kh1 Re8 10. f4 Qc7 11. Qe1 Nxd4 12. Bxd4 e5 13. fxe5 dxe5 14.
Qg3 Bd8 15. Be3 Be6 16. Bh6 g6 17. Rad1 Be7 18. Nd5 Bxd5 19. exd5 Nd7 20. 
Qf3 f5 21. d6 e4 22. Qb3+ 1-0

[Event "1998 Canadian Junior"]
[Site "Vancouver, British Columbia"]
[Date "1998.12.29"]
[Round "5"]
[White "Carlisle, Michael"]
[Black "Henson, Joshua"]
[Result "1/2-1/2"]
[WhiteElo "2074"]
[BlackElo "2071"]

1. e4 e6 2. d4 d5 3. exd5 exd5 4. c4 Bb4+ 5. Nc3 Ne7 6. a3 Bxc3+ 7. bxc3 
Nbc6 8. Bd3 Bf5 9. Nf3 Bxd3 10. Qxd3 Qd7 11. O-O dxc4 12. Qxc4 O-O 1/2-1/2

[Event "1998 Canadian Junior"]
[Site "Vancouver, British Columbia"]
[Date "1998.12.29"]
[Round "5"]
[White "Reddy, Tyler"]
[Black "Hua, Lefong"]
[Result "0-1"]
[WhiteElo "2094"]
[BlackElo "2358"]

1. c4 g6 2. g3 Bg7 3. Bg2 d6 4. Nc3 e5 5. e4 Nc6 6. Nge2 Nge7 7. d3 O-O 8.
O-O Be6 9. Bd2 Qd7 10. Nd5 Nd4 11. Nxd4 exd4 12. Bh6 Bxd5 13. Bxg7 Kxg7 14.
exd5 h5 15. h4 Ng8 16. Qf3 Rae8 17. Kh2 Qe7 18. Qe4 Qf6 19. Qf3 Qe5 20. Qe4
Nf6 21. Qxe5 Rxe5 22. Bf3 Ng4+ 23. Kg2 f5 24. Bxg4 fxg4 25. Rfe1 Rf3 26. 
Rxe5 dxe5 27. Rd1 a5 28. Kf1 Kf6 29. Ke2 b6 30. b3 Kf5 31. a3 e4 32. b4 
axb4 33. axb4 exd3+ 34. Rxd3 Ke4 35. Rxf3 gxf3+ 36. Kd2 d3 37. Kc3 d2 38. 
Kxd2 Kd4 39. c5 bxc5 40. d6 cxd6 41. b5 Kd5 42. Ke3 c4 43. Kxf3 Kc5 44. Ke2
Kxb5 45. Kd2 Kc5 46. Ke3 d5 47. f3 d4+ 48. Kd2 c3+ 49. Kd3 Kd5 50. Kc2 Kc4
51. g4 d3+ 52. Kd1 Kd4 0-1

[Event "1998 Canadian Junior"]
[Site "Vancouver, British Columbia"]
[Date "1998.12.29"]
[Round "5"]
[White "Pechisker, Alfred"]
[Black "Olson, Hans"]
[Result "1-0"]
[WhiteElo "2244"]
[BlackElo "1928"]

1. d4 d5 2. c4 dxc4 3. Nf3 Nf6 4. e3 e6 5. Bxc4 c5 6. O-O a6 7. Bd2 b5 8. 
Be2 Bb7 9. dxc5 Bxc5 10. b4 Be7 11. a4 bxa4 12. Qxa4+ Qd7 13. Ne5 Qxa4 14.
Rxa4 Nbd7 15. Nxd7 Nxd7 16. Rc1 Nb6 17. Ra5 Bd8 18. b5 axb5 19. Bxb5+ Ke7 
20. Rxa8 Nxa8 21. Bb4+ Kf6 22. Rc4 h5 23. Nd2 Kg6 24. Rd4 Bc7 25. Nc4 Rd8 
26. Ne5+ Kf6 27. Nd7+ Kg6 28. Be7 Rc8 29. Nf8+ Kh6 30. g4 g5 31. h4 Be5 32.
Bxg5+ Kg7 33. Nxe6+ fxe6 34. Rd7+ Kh8 35. Rxb7 hxg4 36. Be2 g3 37. fxg3 Nc7
38. Bf4 Bxf4 39. exf4 Kg7 40. Bb5 1-0

[Event "1998 Canadian Junior"]
[Site "Vancouver, British Columbia"]
[Date "1998.12.29"]
[Round "5"]
[White "Voloaca, Mihnea"]
[Black "Afrah, Navid"]
[Result "1-0"]
[WhiteElo "2137"]
[BlackElo "2109"]

1. Nf3 g6 2. d4 Nf6 3. Nc3 Bg7 4. e4 d6 5. Bc4 O-O 6. O-O Bg4 7. h3 Bxf3 8.
Qxf3 Nc6 9. Be3 e5 10. dxe5 Nxe5 11. Qe2 Qe7 12. Rae1 c6 13. a4 Rfe8 14. 
Ba2 a6 15. a5 Ned7 16. Qc4 Nxe4 17. Nxe4 d5 18. Qb3 Qxe4 19. Qxb7 Ne5 20. 
f4 Nc4 21. Bxc4 Qxc4 22. c3 Rab8 23. Qd7 f5 24. Ba7 Rxe1 25. Rxe1 Rf8 26. 
Re7 Bf6 27. Qe6+ Kh8 28. Rf7 Bg7 29. Rxf8+ 1-0

[Event "1998 Canadian Junior"]
[Site "Vancouver, British Columbia"]
[Date "1998.12.29"]
[Round "5"]
[White "Charbonneau, Pascal"]
[Black "Wong, Samuel"]
[Result "1-0"]
[WhiteElo "2354"]
[BlackElo "1975"]

1. e4 c5 2. Nf3 d6 3. d4 cxd4 4. Nxd4 Nf6 5. Nc3 a6 6. f4 e6 7. Qf3 Nbd7 8.
Be3 Qc7 9. g4 Nc5 10. g5 Nfd7 11. O-O-O b5 12. Bh3 Bb7 13. Rhe1 Nb6 14. Nb3
Rc8 15. Nxc5 dxc5 16. f5 e5 17. f6 Rd8 18. Nd5 Nxd5 19. exd5 g6 20. Bf4 Bd6
21. Bxe5 Bxe5 22. Qg3 O-O 23. Rxe5 Bc8 24. Bxc8 Qxc8 25. Qh4 Kh8 26. Qh6 
Rg8 27. Re4 1-0

[Event "1998 Canadian Junior"]
[Site "Vancouver, British Columbia"]
[Date "1998.12.30"]
[Round "6"]
[White "Wong, Samuel"]
[Black "Pechisker, Alfred"]
[Result "0-1"]
[WhiteElo "1975"]
[BlackElo "2244"]

1. d4 Nf6 2. c4 c5 3. d5 b5 4. cxb5 a6 5. bxa6 Bxa6 6. Nc3 g6 7. g3 Bg7 8.
Bg2 d6 9. Nf3 O-O 10. O-O Nbd7 11. Re1 Ng4 12. e4 Nge5 13. Nxe5 Nxe5 14. 
Bf1 Qa5 15. Bxa6 Qxa6 16. Qe2 Rfb8 17. Kg2 Nd3 18. Rd1 c4 19. Qc2 Qb6 20. 
b3 Qxf2+ 21. Qxf2 Nxf2 22. Kxf2 Bxc3 23. Rb1 Rxa2+ 24. Kg1 cxb3 25. Be3 b2
26. Bd4 Bxd4+ 27. Rxd4 Ra1 28. Rdd1 Rxb1 29. Rxb1 Kg7 30. Kf2 Kf6 31. Ke3 
Ke5 32. Kd3 Rb7 33. h3 Rb3+ 34. Kc4 Rxg3 35. Rxb2 Rxh3 36. Rb7 Kf6 0-1